| 000 | 00400nam a22001337a 4500 | ||
|---|---|---|---|
| 999 |
_c23135 _d23135 |
||
| 003 | NUST | ||
| 005 | 20171011163844.0 | ||
| 008 | 150521b xxu||||| |||| 00| 0 eng d | ||
| 020 | _a8129702258 | ||
| 040 |
_aDLC _bDLC _cRCMS |
||
| 082 |
_a005.8 DOR _2 2nd, ed. |
||
| 100 |
_aDoraswamy,Naganand & Harkins,Dan _95350 |
||
| 245 |
_aIPSEC : _b the New Security Standard for the Internet, Intranets, and Virtual Private Networks _cDoraswamy,Naganand |
||
| 250 | _a2nd | ||
| 260 |
_aIndia _bPerson Education _cC,2003 |
||
| 300 |
_ax,262p: _bPb: _c22,cm. |
||
| 538 | _iShelf No 2 Row No 1 | ||
| 600 |
_xNetworking Standard _95351 |
||
| 856 | _3Table of Content Only | ||
| 942 |
_cBK _2ddc |
||